000 01028nac a22003377a 4500
001 BR0504053
003 BR-BrBNA
005 20240105123204.0
008 230509b bl.|||m| |||| 00| 0 por d
040 _aBR-BrBNA
_bpor
_cBiblioteca Nacional de Agricultura
072 _aH20
090 _a1000 BR0504053
100 1 _aGasparotto, L.
100 1 _aPereira, J.C.R.
100 1 _aCosta, M.M. da
100 1 _aPereira, M.C.N.
110 1 _aEMBRAPA Amazônia Ocidental, Manaus, AM (Brasil)
245 1 _aLevantamento da incidência do amarelinho ou CVC nos pomares de citros no Estado do Amazonas
260 3 _aManaus, AM (Brasil):
_c1999.
300 _a1 p.
490 _aPesquisa em Andamento - EMBRAPA Amazonia Ocidental (Brazil)
_vno. 28
_xISSN 1517-2538
650 _aFRUTA CÍTRICA
650 _aLARANJA PERA
650 _aLIMÃO CRAVO
650 _aMUDA
650 _aBACTÉRIA
650 _aZINCO
650 _aAMAZONAS
909 _a202312
_bLúcia Elande
_c55
_dLúcia Elande
942 _2AGRIS
_n0
_cMS
999 _c294358
_d294358